Geometrical drawing (Record no. 1284)

000 -LEADER
fixed length control field 00369nam a22001577a 4500
008 - FIXED-LENGTH DATA ELEMENTS--GENERAL INFORMATION
fixed length control field 200120b ||||| |||| 00| 0 eng d
082 00 - DEWEY DECIMAL CLASSIFICATION NUMBER
Classification number 604.2
Item number B6144
100 ## - MAIN ENTRY--PERSONAL NAME
9 (RLIN) 873
Personal name Binns, H.
245 10 - TITLE STATEMENT
Title Geometrical drawing
250 ## - EDITION STATEMENT
Edition statement 1st
260 ## - PUBLICATION, DISTRIBUTION, ETC. (IMPRINT)
Place of publication, distribution, etc London
Name of publisher, distributor, etc EUP
Date of publication, distribution, etc 1948
300 ## - PHYSICAL DESCRIPTION
Extent ix,145p.
365 ## - TRADE PRICE
Unit of pricing 5.14
650 #0 - SUBJECT ADDED ENTRY--TOPICAL TERM
Topical term or geographic name as entry element Geometrical Drawing
942 ## - ADDED ENTRY ELEMENTS (KOHA)
Item type Books
Holdings
Withdrawn status Lost status Source of classification or shelving scheme Damaged status Not for loan Permanent location Current location Date acquired Source of acquisition Full call number Barcode Date last seen Koha item type
          IMU Kolkata IMU Kolkata 1952-12-29 Wheeler 604.2 B6144 01012 2020-01-20 Books
          IMU Kolkata IMU Kolkata 1952-12-29 Wheeler 604.2 B6144 01013 2020-01-20 Books
Designed and Maintained by IMU-KC Library, Kolkata Campus © Copyright All Rights Reserved

webs counters

Powered by Koha